00458nam a2200193Ia 4500003000400000005001700004008004100021020001800062040000700080041000800087082002200095100002200117245003300139250000600172260003900178300001600217365001400233650001700247OSt20230517153131.0210423s2012 xx 000 0 und d a9788126538423 cAL aeng a576.1919 BITW223 aBITTON (Gabriel). aWastewater microbiology Ed 4 a4 aNew DelhibJohn Wiley & Sonsc2012 axvi,781bPB b1495cINR aMicrobiology